| 000 | 01475cab a2200265 4500 | ||
|---|---|---|---|
| 001 | ABS59500 | ||
| 008 | 090401t1998 xxu||||| |||| 00| 0 eng d | ||
| 035 | _a(Sirsi) u89442 | ||
| 041 | _aeng | ||
| 245 | _aNorthumberland and Durham Property Trust Ltd v Chairman of the London Rent Assessment Committee and others | ||
| 260 | _c1998 | ||
| 350 | _a0 | ||
| 490 |
_aEstates Gazette _v[1998] 43 EG 138-141(4) |
||
| 520 | _aQBD 5 March 1998. Landlord N appealed against an assessment by C on fair rent for eight flats. N had provided evidence of two lettings which C adjusted for modernisation and scarcity. N contended that C had not had regard for the decision in "Spath Holme Ltd v Greater Manchester and Lancashire Rent Assessment Committee", to which C conceded. The decision to be remitted for redetermination by a different committee. | ||
| 650 | _aFAIR RENT DETERMINATION | ||
| 650 | _aNORTHUMBERLAND AND DURHAM PROPERTY TRUST LTD V LONDON RENT ASSESSMENT COMMITTEE AND BORKOWSKI | ||
| 650 | _aNORTHUMBERLAND AND DURHAM PROPERTY TRUST LTD V LONDON RENT ASSESSMENT COMMITTEE AND BULLOCK | ||
| 650 | _aNORTHUMBERLAND AND DURHAM PROPERTY TRUST LTD V LONDON RENT ASSESSMENT COMMITTEE AND COWDERY AND ANOTHER | ||
| 650 | _aRENTAL COMPARISONS | ||
| 650 | _aRENTAL EVIDENCE | ||
| 650 | _aSPATH HOLME LTD V GREATER MANCHESTER AND LANCASHIRE RENT ASSESSMENT COMMITTEE | ||
| 690 | _aLANDLORD AND TENANT-RENT REVIEWS-CASE LAW | ||
| 942 | _n0 | ||
| 948 | _c03/11/1998 | ||
| 999 |
_c56584 _d56584 |
||